[Event "Como Province-ch"]
[Site "Como"]
[Date "2012.01.28"]
[Round "4"]
[White "Cocconcelli, Lorenzo"]
[Black "Lancianese, Giuseppe"]
[Result "1-0"]
[WhiteElo "1941"]
[BlackElo "1730"]
[PlyCount "49"]
[EventDate "2012.01.21"]
[EventType "swiss"]
[EventRounds "6"]
[EventCountry "ITA"]
[SourceTitle "EXT 2024"]
[Source "ChessBase"]
[SourceDate "2023.10.10"]
[SourceVersion "1"]
[SourceVersionDate "2023.10.10"]
[SourceQuality "1"]

1. d4 d5 2. c4 c6 3. Nc3 e6 4. Nf3 Nf6 5. e3 Nbd7 6. Qc2 Bd6 7. g4 dxc4 8. g5 Nd5 9. Bxc4 N7b6 10. Be2 Nd7 11. Bd2 0-0 12. h4 Qe7 13. 0-0-0 f5 14. gxf6 N7xf6 15. Rdg1 Kh8 16. h5 Bd7 17. e4 Nxc3 18. Bxc3 Bb4 19. e5 Bxc3 20. exf6 Bxb2+ 21. Qxb2 Rxf6 22. h6 gxh6 23. d5 cxd5 24. Rxh6 Qc5+ 25. Kb1 1-0

[Event "Vimercate op 5th"]
[Site "Vimercate"]
[Date "2011.11.25"]
[Round "1"]
[White "Lancianese, Giuseppe"]
[Black "Gojani, Mentor"]
[Result "0-1"]
[WhiteElo "1717"]
[BlackElo "2041"]
[PlyCount "55"]
[EventDate "2011.11.25"]
[EventType "swiss"]
[EventRounds "5"]
[EventCountry "ITA"]
[SourceTitle "EXT 2014"]
[Source "ChessBase"]
[SourceDate "2013.11.20"]
[SourceVersion "1"]
[SourceVersionDate "2013.11.20"]
[SourceQuality "1"]

1. d4 Nf6 2. Nf3 d5 3. e3 Bg4 4. Be2 e6 5. 0-0 Bd6 6. b3 Nbd7 7. Bb2 c6 8. c4 0-0 9. Nbd2 Qc7 10. c5 Be7 11. b4 Rab8 12. Ne1 Bxe2 13. Qxe2 b6 14. Nd3 bxc5 15. dxc5 e5 16. Bc3 Rfd8 17. Rab1 Ne8 18. f4 Bf6 19. fxe5 Nxe5 20. Nxe5 Bxe5 21. Bxe5 Qxe5 22. Nf3 Qc7 23. Nd4 Nf6 24. a4 Re8 25. Nf5 Re4 26. Qf3 Qe5 27. Nh6+ Kf8 28. Ng4 0-1

[Event "Milan Crespi op-B 31th"]
[Site "Milan"]
[Date "2010.12.12"]
[Round "5"]
[White "Marchini, Daniele"]
[Black "Lancianese, Giuseppe"]
[Result "1/2-1/2"]
[WhiteElo "1847"]
[BlackElo "1784"]
[PlyCount "47"]
[EventDate "2010.12.04"]
[EventType "swiss"]
[EventRounds "7"]
[EventCountry "ITA"]
[SourceTitle "EXT 2024"]
[Source "ChessBase"]
[SourceDate "2023.10.10"]
[SourceVersion "1"]
[SourceVersionDate "2023.10.10"]
[SourceQuality "1"]

1. d4 Nf6 2. c4 e5 3. dxe5 Ng4 4. Nc3 Bc5 5. e3 Nxe5 6. b3 d6 7. Bb2 Nbc6 8. Be2 0-0 9. Nf3 Bf5 10. Nxe5 Nxe5 11. 0-0 c6 12. Na4 Bb4 13. a3 Ba5 14. b4 Bc7 15. c5 d5 16. Rc1 Qh4 17. g3 Qh3 18. Qd4 Qh6 19. f4 Ng4 20. h3 Nf6 21. g4 Qxh3 22. gxf5 Qg3+ 23. Kh1 Qh3+ 24. Kg1 1/2-1/2

[Event "Milan Crespi op-B 31th"]
[Site "Milan"]
[Date "2010.12.08"]
[Round "7"]
[White "Cimo, Alessandro"]
[Black "Lancianese, Giuseppe"]
[Result "0-1"]
[WhiteElo "1792"]
[BlackElo "1784"]
[PlyCount "46"]
[EventDate "2010.12.04"]
[EventType "swiss"]
[EventRounds "7"]
[EventCountry "ITA"]
[SourceTitle "EXT 2024"]
[Source "ChessBase"]
[SourceDate "2023.10.10"]
[SourceVersion "1"]
[SourceVersionDate "2023.10.10"]
[SourceQuality "1"]

1. d4 Nf6 2. c4 e5 3. dxe5 Ng4 4. Nf3 Bc5 5. e3 Nc6 6. a3 a5 7. Bd2 Ngxe5 8. Bc3 Nxf3+ 9. Qxf3 0-0 10. Bd3 Ne7 11. Bxh7+ Kxh7 12. Qh5+ Kg8 13. Qxc5 d6 14. Qd4 Nf5 15. Qd3 Qg5 16. g3 Re8 17. Bd2 Qg4 18. h3 Qf3 19. Rf1 Be6 20. Nc3 c5 21. Nd5 Nd4 22. Nf4 Bf5 23. Qc3 Nc2+ 0-1

[Event "Milan Crespi op-B 31th"]
[Site "Milan"]
[Date "2010.12.05"]
[Round "2"]
[White "Motola, Jacopo"]
[Black "Lancianese, Giuseppe"]
[Result "1-0"]
[WhiteElo "1837"]
[BlackElo "1784"]
[PlyCount "75"]
[EventDate "2010.12.04"]
[EventType "swiss"]
[EventRounds "7"]
[EventCountry "ITA"]
[SourceTitle "EXT 2024"]
[Source "ChessBase"]
[SourceDate "2023.10.10"]
[SourceVersion "1"]
[SourceVersionDate "2023.10.10"]
[SourceQuality "1"]

1. e4 d5 2. exd5 Nf6 3. c4 c6 4. d4 cxd5 5. Nc3 e6 6. Nf3 Nc6 7. Bf4 Nh5 8. Be3 Nf6 9. Bd3 Be7 10. Qd2 Nb4 11. 0-0 Nxd3 12. Qxd3 0-0 13. c5 Bd7 14. b4 b6 15. a4 Qc7 16. Ne5 bxc5 17. Nxd7 Qxd7 18. bxc5 h6 19. Bf4 Nh5 20. Bg3 Nxg3 21. Qxg3 Rfb8 22. Rab1 Rxb1 23. Rxb1 Bf6 24. Qd3 Qc7 25. Rb5 Qf4 26. Ne2 Qe4 27. Qxe4 dxe4 28. g3 Rd8 29. c6 Rc8 30. Rc5 Kf8 31. Rc4 Be7 32. Nc3 f5 33. Nb5 a6 34. c7 axb5 35. axb5 Bd8 36. b6 Bxc7 37. Rxc7 Rb8 38. b7 1-0

[Event "Varese op 10th"]
[Site "Varese"]
[Date "2010.10.17"]
[Round "5"]
[White "Lancianese, Giuseppe"]
[Black "Cordiano, Franco"]
[Result "1-0"]
[WhiteElo "1784"]
[BlackElo "1209"]
[PlyCount "41"]
[EventDate "2010.10.09"]
[EventType "swiss"]
[EventRounds "6"]
[EventCountry "ITA"]
[SourceTitle "EXT 2024"]
[Source "ChessBase"]
[SourceDate "2023.10.10"]
[SourceVersion "1"]
[SourceVersionDate "2023.10.10"]
[SourceQuality "1"]

1. e4 e5 2. Nf3 Bd6 3. Bc4 h6 4. Nc3 a6 5. d4 f6 6. dxe5 fxe5 7. Nxe5 Bxe5 8. Qh5+ Ke7 9. Qxe5+ Kf8 10. Nd5 Nc6 11. Qh5 d6 12. 0-0 Be6 13. f4 b5 14. Bb3 Nd4 15. f5 Nxb3 16. fxe6+ Qf6 17. e7+ Nxe7 18. Nxf6 Nd4 19. Nd7+ Kg8 20. Qf7+ Kh7 21. Nf6# 1-0

[Event "Varese op 10th"]
[Site "Varese"]
[Date "2010.10.17"]
[Round "6"]
[White "Mondini, Francesco"]
[Black "Lancianese, Giuseppe"]
[Result "0-1"]
[WhiteElo "1517"]
[BlackElo "1784"]
[PlyCount "56"]
[EventDate "2010.10.09"]
[EventType "swiss"]
[EventRounds "6"]
[EventCountry "ITA"]
[SourceTitle "EXT 2024"]
[Source "ChessBase"]
[SourceDate "2023.10.10"]
[SourceVersion "1"]
[SourceVersionDate "2023.10.10"]
[SourceQuality "1"]

1. Nf3 d5 2. d4 Nf6 3. Nc3 Bf5 4. g3 e6 5. Bg2 Nc6 6. a3 Be7 7. e3 0-0 8. Nh4 Ne4 9. Nxf5 exf5 10. f3 Nxc3 11. bxc3 Na5 12. Qd3 g6 13. Qb5 c6 14. Qb2 b6 15. Bf1 Re8 16. Bd2 Bf6 17. Kf2 c5 18. Bb5 Re6 19. Rae1 a6 20. Bd3 c4 21. Bf1 Nb7 22. Bg2 Nd6 23. Re2 Rb8 24. Rhe1 Qe7 25. h4 b5 26. Qb4 Re8 27. Qc5 Qb7 28. Rb1 Be7 0-1

[Event "Varese op 10th"]
[Site "Varese"]
[Date "2010.10.10"]
[Round "2"]
[White "Guzzetti, Luigi Enrico"]
[Black "Lancianese, Giuseppe"]
[Result "1-0"]
[WhiteElo "1878"]
[BlackElo "1784"]
[PlyCount "25"]
[EventDate "2010.10.09"]
[EventType "swiss"]
[EventRounds "6"]
[EventCountry "ITA"]
[SourceTitle "EXT 2024"]
[Source "ChessBase"]
[SourceDate "2023.10.10"]
[SourceVersion "1"]
[SourceVersionDate "2023.10.10"]
[SourceQuality "1"]

1. e4 d5 2. exd5 Nf6 3. Nf3 Nxd5 4. d4 Bf5 5. Bd3 Bg6 6. 0-0 e6 7. a3 Bd6 8. c4 Nf4 9. Bxf4 Bxf4 10. Bxg6 hxg6 11. g3 Bg5 12. Qb3 b6 13. Qb5+ 1-0

[Event "Varese op 10th"]
[Site "Varese"]
[Date "2010.10.09"]
[Round "1"]
[White "Lancianese, Giuseppe"]
[Black "Lipari, Alberto"]
[Result "1/2-1/2"]
[WhiteElo "1784"]
[BlackElo "1570"]
[PlyCount "59"]
[EventDate "2010.10.09"]
[EventType "swiss"]
[EventRounds "6"]
[EventCountry "ITA"]
[SourceTitle "EXT 2024"]
[Source "ChessBase"]
[SourceDate "2023.10.10"]
[SourceVersion "1"]
[SourceVersionDate "2023.10.10"]
[SourceQuality "1"]

1. e4 c5 2. Nf3 Nc6 3. d4 cxd4 4. Nxd4 Nxd4 5. Qxd4 e6 6. Be2 Qc7 7. Nc3 Nf6 8. Be3 b6 9. 0-0 Bc5 10. Qd3 Bb7 11. f3 Ba6 12. Qd2 Bxe2 13. Qxe2 0-0 14. Rad1 Rad8 15. Rd2 d5 16. exd5 exd5 17. Bd4 Qf4 18. Qd3 Rfe8 19. Rfd1 Re3 20. Bxe3 Bxe3+ 21. Kh1 Bxd2 22. Qxd2 Qxd2 23. Rxd2 Re8 24. Kg1 Kf8 25. Kf2 Re5 26. Nb5 a5 27. Nd4 Ke8 28. a4 Kd7 29. Rd3 Ne8 30. Rb3 1/2-1/2

[Event "Como Province-ch"]
[Site "Villa Guardia"]
[Date "2010.01.23"]
[Round "1"]
[White "Gonella, Graziano"]
[Black "Lancianese, Giuseppe"]
[Result "0-1"]
[WhiteElo "1332"]
[BlackElo "1780"]
[PlyCount "66"]
[EventDate "2010.01.23"]
[EventType "swiss"]
[EventRounds "6"]
[EventCountry "ITA"]
[SourceTitle "EXT 2024"]
[Source "ChessBase"]
[SourceDate "2023.10.10"]
[SourceVersion "1"]
[SourceVersionDate "2023.10.10"]
[SourceQuality "1"]

1. e4 d5 2. d3 dxe4 3. d4 Nf6 4. Bg5 Qd5 5. Bxf6 exf6 6. Nc3 Bb4 7. Nge2 0-0 8. a3 Bxc3+ 9. Nxc3 Qa5 10. Be2 f5 11. b4 Qb6 12. Na4 Qg6 13. Rg1 f4 14. f3 Re8 15. fxe4 Qxe4 16. Qd3 Qxd3 17. cxd3 Bg4 18. Ra2 Nc6 19. h3 Bh5 20. g4 fxg3 21. Rxg3 Nxd4 22. Rg2 Re3 23. Rh2 Rae8 24. Nc3 Nf3+ 25. Kf2 Nxh2 26. Bxh5 Rxh3 27. Be2 f5 28. Nb5 Ng4+ 29. Kg2 Rh2+ 30. Kf3 Re3+ 31. Kf4 Rf2+ 32. Kg5 h6+ 33. Kg6 Ne5+ 0-1

[Event "Milan Crespi op-B 30th"]
[Site "Milan"]
[Date "2009.12.06"]
[Round "4"]
[White "Lancianese, Giuseppe"]
[Black "Gaggino, Davide"]
[Result "1/2-1/2"]
[WhiteElo "1786"]
[BlackElo "1963"]
[PlyCount "79"]
[EventDate "2009.12.04"]
[EventType "swiss"]
[EventRounds "7"]
[EventCountry "ITA"]
[SourceTitle "EXT 2012"]
[Source "ChessBase"]
[SourceDate "2011.11.24"]
[SourceVersion "1"]
[SourceVersionDate "2011.11.24"]
[SourceQuality "1"]

1. d4 Nf6 2. c4 g6 3. Nc3 Bg7 4. Nf3 0-0 5. e4 d6 6. Be2 Nbd7 7. 0-0 e5 8. d5 a5 9. Qc2 Nc5 10. Be3 b6 11. a3 Nh5 12. b4 Nb7 13. Nb5 Nf4 14. Rac1 f5 15. Bd3 Nxd3 16. Qxd3 f4 17. Bd2 Rf7 18. h3 g5 19. Nh2 Bf8 20. f3 h5 21. Qe2 Rg7 22. Rc3 Qf6 23. Be1 Qh6 24. Rd3 Qh7 25. Nc3 Rg6 26. Nd1 g4 27. fxg4 hxg4 28. hxg4 Rh6 29. g3 Bg7 30. gxf4 exf4 31. Bc3 Be5 32. Bxe5 dxe5 33. Rf2 Nd6 34. Nc3 Nxc4 35. d6 cxd6 36. Nd5 axb4 37. g5 Qg7 38. Rg2 Rg6 39. Nf6+ Kf7 40. Rh3 1/2-1/2

[Event "Como Province-ch"]
[Site "Como"]
[Date "2009.02.01"]
[Round "5"]
[White "Lancianese, Giuseppe"]
[Black "Arboscelli, Gregorio"]
[Result "1-0"]
[WhiteElo "1804"]
[BlackElo "1897"]
[PlyCount "55"]
[EventDate "2009.01.24"]
[EventType "swiss"]
[EventRounds "6"]
[EventCountry "ITA"]
[SourceTitle "EXT 2011"]
[Source "ChessBase"]
[SourceDate "2010.11.26"]
[SourceVersion "1"]
[SourceVersionDate "2010.11.26"]
[SourceQuality "1"]

1. d4 Nf6 2. c4 c5 3. Nf3 g6 4. Nc3 Bg7 5. e4 cxd4 6. Nxd4 d6 7. Be2 0-0 8. 0-0 Qb6 9. Nf3 Nbd7 10. Qc2 Nc5 11. Be3 Ng4 12. Bd4 Bxd4 13. Nxd4 Nf6 14. Rfd1 Ne6 15. Nxe6 fxe6 16. Bf3 Nd7 17. Ne2 Ne5 18. Nd4 Nxf3+ 19. Nxf3 e5 20. c5 dxc5 21. Nxe5 Be6 22. Nd7 Bxd7 23. Rxd7 e6 24. Qc4 Qxb2 25. Qxe6+ Kh8 26. Rf1 Rae8 27. Qh3 h5 28. Qe3 1-0

[Event "Como Province-ch"]
[Site "Como"]
[Date "2009.01.25"]
[Round "2"]
[White "Lancianese, Giuseppe"]
[Black "Crippa, Gabriele"]
[Result "0-1"]
[WhiteElo "1804"]
[BlackElo "2091"]
[PlyCount "54"]
[EventDate "2009.01.24"]
[EventType "swiss"]
[EventRounds "6"]
[EventCountry "ITA"]
[SourceTitle "EXT 2011"]
[Source "ChessBase"]
[SourceDate "2010.11.26"]
[SourceVersion "1"]
[SourceVersionDate "2010.11.26"]
[SourceQuality "1"]

1. d4 d6 2. e4 Nf6 3. Nc3 e5 4. dxe5 dxe5 5. Qxd8+ Kxd8 6. Bc4 Be6 7. Bxe6 fxe6 8. Nge2 Bd6 9. Be3 Ke7 10. f3 a6 11. 0-0-0 Nbd7 12. Rd2 b5 13. Rhd1 Rhb8 14. g4 Nb6 15. g5 Nh5 16. Bxb6 Rxb6 17. Nb1 a5 18. c3 Rc6 19. b3 a4 20. Kb2 axb3 21. axb3 Rca6 22. b4 Ra2+ 23. Kb3 Ra1 24. Kb2 Kf8 25. Nc1 Nf4 26. Nb3 R1a2+ 27. Kc1 Ne2+ 0-1

[Event "Como Province-ch"]
[Site "Como"]
[Date "2006.02.19"]
[Round "6"]
[White "Lancianese, Giuseppe"]
[Black "Corti, Filippo"]
[Result "1/2-1/2"]
[WhiteElo "1751"]
[BlackElo "1634"]
[PlyCount "91"]
[EventDate "2006.02.11"]
[EventType "swiss"]
[EventRounds "6"]
[EventCountry "ITA"]
[SourceTitle "EXT 2024"]
[Source "ChessBase"]
[SourceDate "2023.10.10"]
[SourceVersion "1"]
[SourceVersionDate "2023.10.10"]
[SourceQuality "1"]

1. b3 Nf6 2. Bb2 d6 3. d4 Bf5 4. Nf3 Nbd7 5. e3 e6 6. Be2 d5 7. Nbd2 Bd6 8. c4 c6 9. 0-0 Qc7 10. c5 Be7 11. Re1 0-0 12. Nh4 Bg6 13. Nxg6 fxg6 14. f4 b6 15. cxb6 axb6 16. g3 c5 17. Bd3 Bd6 18. e4 dxe4 19. Bc4 Nd5 20. Nxe4 Be7 21. dxc5 Nxc5 22. Bxd5 exd5 23. Qxd5+ Kh8 24. Qd4 Rg8 25. Kh1 Qb7 26. h4 Rad8 27. Qc4 Nd3 28. Re2 Nxb2 29. Rxb2 Bf6 30. Rab1 Bxb2 31. Rxb2 Rge8 32. Re2 Qd5 33. Qxd5 Rxd5 34. Nc3 Rxe2 35. Nxd5 Rxa2 36. Nxb6 Rb2 37. Nc4 Rxb3 38. Kh2 Kg8 39. Ne5 Kf8 40. Kh3 Ke7 41. Nc6+ Kf6 42. Kg4 h5+ 43. Kh3 Rb5 44. Nd4 Rd5 45. Nf3 Kf5 46. Ng5 1/2-1/2

[Event "Como Province-ch"]
[Site "Como"]
[Date "2006.02.12"]
[Round "2"]
[White "Lancianese, Giuseppe"]
[Black "Liscio, Giovanni"]
[Result "0-1"]
[WhiteElo "1751"]
[BlackElo "2009"]
[PlyCount "74"]
[EventDate "2006.02.11"]
[EventType "swiss"]
[EventRounds "6"]
[EventCountry "ITA"]
[SourceTitle "EXT 2024"]
[Source "ChessBase"]
[SourceDate "2023.10.10"]
[SourceVersion "1"]
[SourceVersionDate "2023.10.10"]
[SourceQuality "1"]

1. Nf3 d5 2. d4 Nf6 3. Bf4 e6 4. e3 Bd6 5. Bg3 b6 6. c3 Bb7 7. Bd3 0-0 8. Nbd2 Ne4 9. Bh4 Be7 10. Bg3 Nd7 11. Ne5 f6 12. Nxd7 Qxd7 13. f3 Nxd2 14. Qxd2 c5 15. 0-0 Bd6 16. Bxd6 Qxd6 17. dxc5 bxc5 18. Rad1 Rad8 19. Rf2 g6 20. Qe1 Kg7 21. Rfd2 Qb6 22. Qf2 e5 23. Kf1 f5 24. Ke2 Rfe8 25. b3 d4 26. c4 e4 27. fxe4 fxe4 28. Bb1 d3+ 29. Ke1 Qd6 30. Qh4 h6 31. Kf1 g5 32. Qh5 Rf8+ 33. Kg1 Qf6 34. h4 Bc6 35. Kh1 Qf5 36. hxg5 hxg5 37. Kg1 Rh8 0-1

[Event "ITA-ch Provinciale Como"]
[Site "San Fermo della Battaglia"]
[Date "2003.04.05"]
[Round "4"]
[White "Bonetti, Marco"]
[Black "Lancianese, Giuseppe"]
[Result "1-0"]
[WhiteElo "2152"]
[BlackElo "1546"]
[PlyCount "51"]
[EventDate "2003.03.29"]
[EventType "swiss"]
[EventRounds "6"]
[EventCountry "ITA"]
[SourceTitle "EXT 2024"]
[Source "ChessBase"]
[SourceDate "2023.10.10"]
[SourceVersion "1"]
[SourceVersionDate "2023.10.10"]
[SourceQuality "1"]

1. e4 c5 2. Nf3 d6 3. d3 Nc6 4. g3 Nf6 5. Bg2 g6 6. 0-0 Bg7 7. Re1 Qc7 8. Nbd2 0-0 9. Nf1 Ng4 10. h3 Nge5 11. Ne3 e6 12. Nh2 Ne7 13. f4 Nd7 14. g4 Rb8 15. Qf3 b6 16. Qg3 Bb7 17. Nf3 Rfe8 18. h4 d5 19. e5 d4 20. Nc4 Nc8 21. f5 Bxf3 22. Bxf3 exf5 23. gxf5 Nxe5 24. Bf4 Nxf3+ 25. Qxf3 Rxe1+ 26. Rxe1 1-0

[Event "ITA-ch Provinciale Como"]
[Site "San Fermo della Battaglia"]
[Date "2003.03.30"]
[Round "3"]
[White "Lancianese, Giuseppe"]
[Black "Napoli, Ferdinando"]
[Result "1-0"]
[WhiteElo "1546"]
[BlackElo "1678"]
[PlyCount "49"]
[EventDate "2003.03.29"]
[EventType "swiss"]
[EventRounds "6"]
[EventCountry "ITA"]
[SourceTitle "EXT 2024"]
[Source "ChessBase"]
[SourceDate "2023.10.10"]
[SourceVersion "1"]
[SourceVersionDate "2023.10.10"]
[SourceQuality "1"]

1. e4 c5 2. Nf3 Nc6 3. d4 cxd4 4. Nxd4 Nf6 5. Nc3 e5 6. Ndb5 d6 7. Bg5 a6 8. Bxf6 gxf6 9. Na3 b5 10. Nd5 f5 11. Bd3 Be6 12. Qh5 Bg7 13. Ne3 f4 14. Nf5 Bxf5 15. Qxf5 0-0 16. 0-0 Rc8 17. c3 Kh8 18. Rad1 Ne7 19. Qh5 Ng6 20. Bc2 Rg8 21. Bb3 Qe7 22. Nc2 Bf6 23. Nb4 Rc5 24. Nxa6 Nh4 25. g3 1-0

[Event "Como Province-ch"]
[Site "Como"]
[Date "2001.01.19"]
[Round "2"]
[White "Lancianese, Giuseppe"]
[Black "Orsenigo, Davide"]
[Result "0-1"]
[WhiteElo "1606"]
[BlackElo "1555"]
[PlyCount "40"]
[EventDate "2001.01.12"]
[EventType "swiss"]
[EventRounds "8"]
[EventCountry "ITA"]
[SourceTitle "EXT 2023"]
[Source "ChessBase"]
[SourceDate "2022.10.05"]
[SourceVersion "1"]
[SourceVersionDate "2022.10.05"]
[SourceQuality "1"]

1. e4 c5 2. Nf3 d6 3. d4 cxd4 4. Nxd4 Nf6 5. Nc3 a6 6. a4 e5 7. Nb3 Be7 8. Be2 Be6 9. Be3 0-0 10. 0-0 Nbd7 11. f4 exf4 12. Bxf4 Nc5 13. Nxc5 dxc5 14. Qe1 Qb6 15. Qg3 Kh8 16. Be5 Qb4 17. b3 Rad8 18. Rad1 c4 19. bxc4 Bxc4 20. Bd3 Nh5 0-1